000 00419nam a22001457a 4500
082 _aT-112
100 _aMajor Tanveer Mahmud
_948474
245 _aAsphalt mix behavior with varied gradations and high temperature
_cMajor Tanveer Mahmud
260 _aRisalpur
_bMCE
_c2001
300 _axvi, 215.p:
526 _a0
_b0
_c0
_dT_112
650 _aThesis
_934811
700 _aMajor Tanveer Mahmud
_948474
942 _2ddc
_cBK
999 _c551412
_d551412